Podivínské novely /

Hlavní autor: Kostrhun, Jan, 1942-2022
Jazyk: Čeština
Vydáno: Praha : Melantrich, 1987
Vydání: 1.vyd.v Melantrichu
Edice: Česká próza (Melantrich)
Externí odkaz: Digitalizovaný dokument
Fyzický popis: 362 s.
Knihy
Uloženo v:
LEADER 01041nam a22002892a 4500
001 000061378
003 CZ BrMZK
005 20070116080419.0
007 ta
008 950407s1987 xr f cze d
015 |a cnb000033803 
035 |a (OCoLC)17967706 
040 |a BOA001  |b cze 
080 9 |a 885.0-32(081) 
100 1 |a Kostrhun, Jan,  |d 1942-2022  |7 jk01062020  |4 aut 
245 1 0 |a Podivínské novely /  |c Jan Kostrhun ; ilustrace Karel Vodák 
250 |a 1.vyd.v Melantrichu 
260 |a Praha :  |b Melantrich,  |c 1987 
300 |a 362 s. 
490 1 |a Česká próza 
830 0 |a Česká próza (Melantrich)  |0 s 
856 4 1 |u http://www.digitalniknihovna.cz/mzk/uuid/uuid:58eb8540-3fa5-11e2-9b88-005056827e51  |y Digitalizovaný dokument  |x NDK 
910 |a BOA001  |b PK-0105.231  |b 2-0923.602 
920 |a 000052617 
990 |a BK 
996 7 |b 2619805504  |c 2-0923.602  |l MZK  |r Sklad / do 1 hodiny  |n 4  |w 000061378  |u 000020  |a 1  |e BOA001  |j MZK50  |s A 
996 7 |b 3119972751  |c PK-0105.231  |l MZK  |r Sklad / do 1 hodiny  |n 1  |w 000061378  |u 000010  |a 1  |e BOA001  |j MZK50  |s A